Normal view MARC view
  • Rent Service

Entry Corporate Name

Number of records used in: 1

001 - CONTROL NUMBER

  • control field: 4756

003 - CONTROL NUMBER IDENTIFIER

  • control field: OSt

005 - DATE AND TIME OF LATEST TRANSACTION

  • control field: 20190806150236.0

008 - FIXED-LENGTH DATA ELEMENTS

  • fixed length control field: 050815n| aaannaabn |n ana d

040 ## - CATALOGING SOURCE

  • Original cataloging agency: OSt
  • Transcribing agency: OSt

110 ## - HEADING--CORPORATE NAME

  • Corporate name or jurisdiction name as entry element: Rent Service

410 ## - SEE FROM TRACING--CORPORATE NAME

  • Corporate name or jurisdiction name as entry element: The Rent Service

670 ## - SOURCE DATA FOUND

  • Source citation: Valuation report for the years 1 April 2001 to 31 March 2005, 2005